MARC
| LEADER | 00000cam a2200000 7i4500 | ||
|---|---|---|---|
| 001 | 0000003273 | ||
| 002 | 000003530 | ||
| 005 | 20000330.0 | ||
| 020 | |a 9836239561 | ||
| 090 | 0 | 0 | |a 382 |b WHI |
| 100 | 1 | |a Whiting, D.P | |
| 245 | 1 | 0 | |a Kewangan perdagangan luar negeri |c D.P Whiting ; penterjemah Raskinah Mohd.Noor dan Raja Rahawani Raja Mamat |
| 260 | |a Kuala Lumpur : |b DBP , |c 1993 | ||
| 300 | |a 219p. ; |c 21cm. | ||
| 650 | 0 | 0 | |a Commerce |
| 650 | 0 | 0 | |a Finance |
| 700 | 0 | |a Raja Rahawani Raja Mamat | |
| 700 | 0 | |a Raskinah Mohd.Noor | |
| 999 | |a 036840 |b BUKU |c PINJAMAN |e PERPUSTAKAAN KOMUNITI PETALING JAYA | ||